Statistics for Jeopardy #8533

Click here to take the quiz!

General Stats

  • This quiz has been taken 29 times
  • The average score is 9 of 61

Answer Stats

CategoryCashClueAnswer% Correct
PLAYING PROFESSOR$200This Harrison Ford character tells a class, "Forget any ideas you got about lost cities, exotic travel"Indiana Jones
74%
WHIRLED MENU$400Canadian fries with curds & gravy: OUTPINEpoutine
74%
WHIRLED MENU$800A choice at the sushi bar: HA I MISSsashimi
63%
SOUTHERN CALIFORNIA HISTORY$200This event off Huntington Beach in 2021 brought memories of the 3-million-gallon disaster off Santa Barbara in 1969an oil spill
47%
4-SYLLABLE WORDS$600The Latin for "to carry" gives us part of this word for all the investments you ownportfolio
37%
WHIRLED MENU$200They're husk-y in Mexico: SAT MEALtamales
37%
SOUTHERN CALIFORNIA HISTORY$600In the 1920s, author Zane Grey built a Pueblo-style house near Avalon Bay on this islandCatalina
32%
A CUT ABOVE$400Here's the shell of one of these sharp-sounding clamsa razor clam
26%
4-SYLLABLE WORDS$400Alligator pear is another name for this superfoodavocado
26%
SOUTHERN CALIFORNIA HISTORY$400Founded in 1891 as a vocational & liberal arts school, this Pasadena college became famous for physics & space scienceCaltech
26%
4-SYLLABLE WORDS$200Idiomatically, if you "stand on" this, you demand that things are done in an exceedingly formal mannerceremony
26%
NUCLEAR PHYSICS$400Combining atomic nuclei to form a heavier element, it happens in the core of our Sun as hydrogen atoms meet to form heliumfusion
26%
A CUT ABOVE$800The method used to create this style of sliced potato sounds like a French namejulienne
26%
MUSIC STARS$1600In 1995 this one-named singer rose to the top of the charts with "Kiss From A Rose"Seal
26%
MUSIC STARS$400She had 3 of Billboard's Top 20 songs of 2015, including "Bad Blood"Taylor Swift
26%
BALANCES$400In Chinese myth these 2 entities attained balance in the "cosmic egg"; the birth of man would followyin & yang
26%
WORLD CITIES$1200This capital city is located in the region known as AnatoliaAnkara
21%
STARTS WITH "W"$400The identity of the murderer typically isn't revealed until the end in this type of storya whodunit
21%
WHIRLED MENU$600In India it's the big cheese: ERA PENpaneer
21%
WORLD CITIES$1600The name of this second-largest city in Wales starts with a big birdSwansea
21%
WORLD CITIES$400Get a whiff of this city, the largest in the German state of North Rhine-WestphaliaCologne
16%
A CUT ABOVE$600In 1961 JFK said we live under a "nuclear sword of" him, "hanging by the slenderest of threads"Damocles
16%
PREQUELS & SEQUELS$800Co-authored by Brian Herbert, "House Atreides" is the first in a series of prequels to this seriesDune
16%
PLAYING PROFESSOR$400Russell Johnson was best known for playing the Professor on this seriesGilligan\'s Island
16%
PREQUELS & SEQUELS$200"Wide Sargasso Sea" by Jean Rhys, about Mr. Rochester's mad first wife, is a prequel to this classic novelJane Eyre
16%
4-SYLLABLE WORDS$800This word refers to the smallest detail that can be seen by a telescope or to the number of pixels on your computer screenresolution
16%
WHIRLED MENU$1000In Ireland diners flock to it: HEPPER DISHESshepherd\'s pie
16%
MUSIC STARS$800This singer's 2021 hit "Take My Breath" is perfect for a Saturday or Sundaythe Weeknd
16%
STARTS WITH "W"$1200In England you can whine or do this similar verb with an extra letterwhinge
16%
NUCLEAR PHYSICS$1600A radium nucleus that emits a particle & becomes a radon nucleus undergoes the "alpha" type of this processdecay
11%
NUCLEAR PHYSICS$800A quantum field theory describing the interactions of charged particles has this 3-letter abbrev. that also means "proved it!"Q.E.D
11%
MUSIC STARS$2000In the late 1980s Susanna Hoffs, Debbi Peterson, Vicki Peterson & Michael Steele had 5 Top 10 hits as this bandThe Bangles
11%
WORLD CITIES$800In Dublin, the Ha'penny Bridge spans this riverthe Liffey
11%
PLAYING PROFESSOR$800On "How to Get Away with Murder", she played a professor at Middleton Law SchoolViola Davis
11%
NUCLEAR PHYSICS$2000With the same mass & magnitude of charge, an antiparticle of an electron is called this worda positron
5%
STARTS WITH "W"$800This insect is also known as a snout beetlea weevil
5%
MUSIC STARS$1200Do start now & name this English-born woman of Albanian ancestry who was "Levitating" up the charts in 2021Dua Lipa
5%
CZECHS$4002005's "The Rivals" told of the "Epic Duels and Extraordinary Friendship" of Chris Evert & herNavratilova
5%
NUCLEAR PHYSICS$1200Both used in the nuclear power industry, these first 2 transuranium elements are named for heavenly bodiesneptunium & plutonium
5%
SOUTHERN CALIFORNIA HISTORY$800In 1769 in San Diego, this priest, now a controversial figure, founded his first California mission; he went on to found 8 moreSerra
5%
STARTS WITH "W"$2000This Chinese word meaning "martial arts" is used for disciplines like kung fuwushu
5%
SOUTHERN CALIFORNIA HISTORY$1000This evangelist opened the Angelus Tempus in Los Angeles & preached there to a flock of thousandsAimee Semple McPherson
0%
BALANCES$1600He won his first Pulitzer Prize for his 1966 play "A Delicate Balance"Albee
0%
PREQUELS & SEQUELS$600It was the first sequel in Sue Grafton's alphabet mysteriesB is for Burglar
0%
BALANCES$2000This 17th century Dutch scientist was among the first to use a balance spring in the design of watchesChristiaan Huygens
0%
A CUT ABOVE$1000Liquid nitrogen in conjunction with a doctor's scalpel can be used to perform this, a superchilled operationcryosurgery
0%
CZECHS$1200In the 1890s he moved briefly gs from Prague to New York City, inspiring his best-known symphonyDvořák
0%
WORLD CITIES$2000South of Quito, this largest Ecuadorian city is seen here in all its colorsGuayaquil
0%
CZECHS$800He had a short term as president of Czechoslovakia before becoming president of the Czech RepublicHavel
0%
BALANCES$1200The rope wants to spin, so tightrope walkers employ a long pole to increase rotational thisinertia
0%
CZECHS$2000King Sigismund of Hungary promised this Czech religious reformer safe passage, then grabbed & burned himJan Hus
0%
BALANCES$800Also known as "the balance", Libra in the zodiac is sometimes represented by Astraea, the ancient goddess of thisjustice
0%
4-SYLLABLE WORDS$1000It's a term for someone who cuts & polishes precious gemslapidary
0%
CZECHS$1600This Czech wrote novels like "The Book of Laughter and Forgetting" in exile in FranceMilan Kundera
0%
AWARDSN/AThe Theodore Roosevelt Rough Rider Award honors influential people from this state, including Western author Louis L'AmourNorth Dakota
0%
PLAYING PROFESSOR$600On Netflix she's Ji-Yoon Kim, "The Chair" of a struggling English departmentSandra Oh
0%
A CUT ABOVE$20017th century Venetian craftsman Vicenti Peruzzi is said to have come up with this smart-sounding cut for diamondsthe brilliant cut
0%
PREQUELS & SEQUELS$1000In the final chapter in this sequel, "Christopher Robin and Pooh come to an enchanted place, and we leave them there"The House at Pooh Corner
0%
STARTS WITH "W"$1600Shawnee word for an elkwapiti
0%
PREQUELS & SEQUELS$400Gregory Maguire's "Son of a Witch" & "A Lion Among Men" are sequels to this book that inspired a musicalWicked
0%
PLAYING PROFESSOR$1000Judith Light is among those who have portrayed the professor stricken with cancer in this Pulitzer-winning playWit
0%

Score Distribution

Percentile by Number Answered

Percent of People with Each Score

Your Score History

You have not taken this quiz